[Event "Online Olym Div2 D"]
[Site "Chess.com INT"]
[Date "2021.09.04"]
[Round "8.2"]
[White "Marais, Nina"]
[Black "Roepke, Sofia"]
[Result "0-1"]
[WhiteElo "1697"]
[BlackElo "1589"]
[PlyCount "64"]
[EventDate "2021.09.02"]
[EventType "team (rapid)"]
[EventRounds "9"]
[EventCountry "USA"]
[SourceTitle "CBM 204 Extra"]
[Source "ChessBase"]
[SourceDate "2021.11.30"]
[SourceVersion "1"]
[SourceVersionDate "2021.11.30"]
[SourceQuality "1"]
[WhiteTeam "South Africa"]
[BlackTeam "Uruguay"]
[WhiteTeamCountry "RSA"]
[BlackTeamCountry "URU"]

1. d4 d5 2. c4 e6 3. cxd5 exd5 4. Nc3 Nf6 5. Bg5 Be7 6. Qc2 Nbd7 7. e3 c6 8. Nf3 0-0 9. Bd3 Re8 10. 0-0 Nf8 11. Rab1 Ng6 12. b4 a6 13. a4 Bd6 14. b5 axb5 15. axb5 h6 16. Bxf6 Qxf6 17. bxc6 bxc6 18. Ne2 Bg4 19. Nd2 Nh4 20. Ng3 Ra3 21. Rfc1 Rc8 22. Ndf1 Nxg2 23. Bf5 Bf3 24. Bxc8 Nh4 25. Qxc6 Bh1 26. Qe8+ Kh7 27. Bh3 Ra2 28. f4 Bxf4 29. exf4 Qxd4+ 30. Qe3 Nf3+ 31. Kxh1 Qxe3 32. Bg2 Qg1# 0-1

[Event "Online Olym Div Top-B"]
[Site "Chess.com INT"]
[Date "2020.08.23"]
[Round "7.6"]
[White "Marais, Nina"]
[Black "Ferkova, Dominika"]
[Result "0-1"]
[WhiteElo "1685"]
[BlackElo "2128"]
[PlyCount "160"]
[EventDate "2020.08.21"]
[EventType "team-tourn (rapid)"]
[EventRounds "9"]
[EventCountry "USA"]
[SourceTitle "CBM 198"]
[Source "ChessBase"]
[SourceDate "2020.10.31"]
[SourceVersion "1"]
[SourceVersionDate "2020.10.31"]
[SourceQuality "1"]
[WhiteTeam "South Africa"]
[BlackTeam "Slovakia"]
[WhiteTeamCountry "RSA"]
[BlackTeamCountry "SVK"]

1. d4 d5 2. c4 e6 3. cxd5 exd5 4. Nc3 Nf6 5. Bg5 Be7 6. Qc2 h6 7. Bh4 0-0 8. e3 Be6 9. Nf3 c5 10. Bxf6 Bxf6 11. dxc5 Qc7 12. Na4 Qa5+ 13. Nd2 Bd7 14. Nc3 Qxc5 15. Nb3 Qd6 16. Rd1 Be6 17. Be2 Nc6 18. a3 Qe5 19. 0-0 Rfd8 20. Bf3 Qg5 21. Ne2 Ne5 22. Nbd4 Rac8 23. Qa4 a6 24. Nf4 Bg4 25. Bxg4 Nxg4 26. Nf3 Qf5 27. Qb3 d4 28. Ne2 dxe3 29. Rxd8+ Rxd8 30. fxe3 Qe4 31. Kh1 Nxe3 32. Ng3 Qd3 33. Qxd3 Rxd3 34. Re1 Bxb2 35. a4 Rd1 36. Kg1 b5 37. axb5 axb5 38. Kf2 Rxe1 39. Nxe1 Nd5 40. Nd3 Bd4+ 41. Kf3 Bf6 42. Ne4 Kf8 43. Nd6 Nc7 44. Ke4 Ke7 45. Nf5+ Kd7 46. Nb4 Bc3 47. Nd3 Kc6 48. Ne3 b4 49. Ne5+ Bxe5 50. Kxe5 b3 51. Nc4 Kc5 52. Nb2 Nd5 53. h3 g6 54. g4 f6+ 55. Ke6 Kd4 56. h4 h5 57. gxh5 gxh5 58. Kf5 Kc3 59. Na4+ Kc2 60. Kg6 b2 61. Nxb2 Kxb2 62. Kxh5 f5 63. Kg5 f4 64. Kg4 Kc2 65. h5 Kd2 66. h6 Ke3 67. Kf5 f3 68. h7 f2 69. h8Q f1Q+ 70. Ke6 Nf4+ 71. Kd6 Qa6+ 72. Kd7 Qb7+ 73. Kd6 Qb6+ 74. Kd7 Qb7+ 75. Kd6 Qd5+ 76. Kc7 Ne6+ 77. Kb8 Qb5+ 78. Ka8 Qa6+ 79. Kb8 Qb6+ 80. Ka8 Nc7# 0-1

[Event "Online Olym Div Top-B"]
[Site "Chess.com INT"]
[Date "2020.08.22"]
[Round "4.6"]
[White "Marais, Nina"]
[Black "Demeter, Dorina"]
[Result "0-1"]
[WhiteElo "1685"]
[BlackElo "2076"]
[PlyCount "56"]
[EventDate "2020.08.21"]
[EventType "team-tourn (rapid)"]
[EventRounds "9"]
[EventCountry "USA"]
[SourceTitle "CBM 198"]
[Source "ChessBase"]
[SourceDate "2020.10.31"]
[SourceVersion "1"]
[SourceVersionDate "2020.10.31"]
[SourceQuality "1"]
[WhiteTeam "South Africa"]
[BlackTeam "Hungary"]
[WhiteTeamCountry "RSA"]
[BlackTeamCountry "HUN"]

1. d4 Nf6 2. c4 e6 3. Nc3 Bb4 4. e3 0-0 5. Nge2 c5 6. a3 Ba5 7. d5 b5 8. cxb5 Nxd5 9. Bd2 a6 10. bxa6 Bxa6 11. Nxd5 exd5 12. Rc1 d6 13. Bxa5 Qxa5+ 14. Nc3 d4 15. exd4 Re8+ 16. Kd2 cxd4 17. Qf3 Nd7 18. Bxa6 dxc3+ 19. Rxc3 Qxa6 20. Rhc1 Nc5 21. Rc4 Ne6 22. Qg3 Qa5+ 23. Rb4 Nc5 24. Kd1 Ne4 25. Qf4 Qd5+ 26. Kc2 Rac8+ 27. Kb1 Nd2+ 28. Ka1 Rxc1# 0-1

[Event "RSA-ch (Women)"]
[Site "Cape Town"]
[Date "2019.12.12"]
[Round "6"]
[White "Selkirk, Rebecca"]
[Black "Marais, Nina"]
[Result "1-0"]
[WhiteElo "1819"]
[BlackElo "1657"]
[PlyCount "51"]
[EventDate "2019.12.07"]
[EventType "tourn"]
[EventRounds "11"]
[EventCountry "RSA"]
[SourceTitle "CBM 193 Extra"]
[Source "ChessBase"]
[SourceDate "2020.01.31"]
[SourceVersion "1"]
[SourceVersionDate "2020.01.31"]
[SourceQuality "1"]

1. e4 c5 2. Nf3 Nc6 3. d4 cxd4 4. Nxd4 g6 5. Nc3 Bg7 6. Be3 Nf6 7. Nxc6 bxc6 8. e5 Ng8 9. f4 Nh6 10. Bd4 Nf5 11. Bf2 d6 12. g4 Nh6 13. Bg2 d5 14. h3 f6 15. Nxd5 0-0 16. exf6 exf6 17. 0-0 Bb7 18. Nb4 Qc7 19. c3 a5 20. Nd3 f5 21. Nc5 Rfe8 22. Qb3+ Kh8 23. Qxb7 Qxf4 24. Ne6 Rxe6 25. Qxa8+ Ng8 26. Rae1 1-0

[Event "RSA-ch (Women)"]
[Site "Cape Town"]
[Date "2019.12.11"]
[Round "5"]
[White "Marais, Nina"]
[Black "Engelbrecht, Hanri"]
[Result "1/2-1/2"]
[WhiteElo "1657"]
[BlackElo "1463"]
[PlyCount "51"]
[EventDate "2019.12.07"]
[EventType "tourn"]
[EventRounds "11"]
[EventCountry "RSA"]
[SourceTitle "CBM 193 Extra"]
[Source "ChessBase"]
[SourceDate "2020.01.31"]
[SourceVersion "1"]
[SourceVersionDate "2020.01.31"]
[SourceQuality "1"]

1. d4 Nf6 2. c4 g6 3. Nc3 Bg7 4. e4 d6 5. f3 0-0 6. Be3 c5 7. Nge2 Nc6 8. d5 Ne5 9. Ng3 h5 10. Be2 h4 11. Nf1 e6 12. f4 Nxc4 13. Bxc4 b5 14. Bxb5 exd5 15. e5 h3 16. Rg1 hxg2 17. Rxg2 Bb7 18. exf6 Bxf6 19. Bd3 d4 20. Be4 Bxe4 21. Nxe4 dxe3 22. Nfg3 Bd4 23. Kf1 Rb8 24. Rb1 Re8 25. Re2 Qh4 26. Kg2 1/2-1/2

[Event "RSA-ch (Women)"]
[Site "Cape Town"]
[Date "2019.12.09"]
[Round "3"]
[White "Marais, Nina"]
[Black "Laubscher, Anzel"]
[Result "1-0"]
[WhiteElo "1657"]
[BlackElo "1746"]
[PlyCount "71"]
[EventDate "2019.12.07"]
[EventType "tourn"]
[EventRounds "11"]
[EventCountry "RSA"]
[SourceTitle "CBM 193 Extra"]
[Source "ChessBase"]
[SourceDate "2020.01.31"]
[SourceVersion "1"]
[SourceVersionDate "2020.01.31"]
[SourceQuality "1"]

1. d4 d5 2. c4 c6 3. Nc3 dxc4 4. a4 Nf6 5. Nf3 e6 6. e3 c5 7. Bxc4 Nc6 8. 0-0 Be7 9. b3 cxd4 10. exd4 0-0 11. Bb2 Nb4 12. Qd2 Nbd5 13. Ne2 Bd7 14. Ne5 Bc6 15. Rac1 Bd6 16. Bd3 Rc8 17. Qg5 h6 18. Qh4 Nb4 19. Bb1 Bd5 20. Rxc8 Qxc8 21. Bc1 Bxb3 22. Bxh6 Nbd5 23. Qg3 Nh5 24. Qd3 f5 25. Bxg7 Kxg7 26. Qxb3 Qc7 27. f4 Qe7 28. Qf3 Rh8 29. Bxf5 Ndf6 30. Ng3 Bxe5 31. fxe5 Rh6 32. exf6+ Nxf6 33. Bb1 b6 34. Ne4 Nxe4 35. Qxe4 Qd7 36. Qe5+ 1-0

[Event "RSA-ch (Women)"]
[Site "Cape Town"]
[Date "2019.12.07"]
[Round "1"]
[White "Marais, Nina"]
[Black "Wolmarans, Riekie"]
[Result "1/2-1/2"]
[WhiteElo "1657"]
[BlackElo "1429"]
[PlyCount "105"]
[EventDate "2019.12.07"]
[EventType "tourn"]
[EventRounds "11"]
[EventCountry "RSA"]
[SourceTitle "CBM 193 Extra"]
[Source "ChessBase"]
[SourceDate "2020.01.31"]
[SourceVersion "1"]
[SourceVersionDate "2020.01.31"]
[SourceQuality "1"]

1. d4 Nf6 2. c4 g6 3. Nc3 Bg7 4. e4 d6 5. f3 Nbd7 6. Be3 0-0 7. Nge2 c5 8. Qd2 a6 9. d5 Qc7 10. Ng3 e5 11. Be2 Ne8 12. 0-0 f5 13. f4 exf4 14. Bxf4 fxe4 15. Ncxe4 Bd4+ 16. Kh1 Ndf6 17. Rae1 Nxe4 18. Nxe4 Bf5 19. Bh6 Bg7 20. Ng3 Bxh6 21. Qxh6 Ng7 22. Nxf5 Nxf5 23. Qg5 Nd4 24. Bg4 Rxf1+ 25. Rxf1 Re8 26. h3 Kg7 27. Qf6+ Kg8 28. a3 a5 29. Rf4 Qe7 30. Qxe7 Rxe7 31. Rf6 Nf5 32. Bxf5 gxf5 33. Rxd6 Kf7 34. Rb6 f4 35. Kg1 a4 36. Kf2 Re4 37. Rxb7+ Kg6 38. Rb6+ Kf5 39. b3 axb3 40. Rxb3 Rxc4 41. Rd3 Ra4 42. d6 Ra8 43. d7 Rd8 44. a4 c4 45. Rc3 Rxd7 46. Rxc4 Rd2+ 47. Kf3 Rd3+ 48. Ke2 Re3+ 49. Kf2 Ra3 50. Rc5+ Ke4 51. Ra5 Ra2+ 52. Kg1 Ra1+ 53. Kf2 1/2-1/2

[Event "RSA-ch (Women)"]
[Site "Durbanville"]
[Date "2017.12.18"]
[Round "10"]
[White "Laubscher, Anzel"]
[Black "Marais, Nina"]
[Result "1-0"]
[WhiteElo "1804"]
[BlackElo "1566"]
[PlyCount "47"]
[EventDate "2017.12.09"]
[EventType "tourn"]
[EventRounds "11"]
[EventCountry "RSA"]
[SourceTitle "CBM 182 Extra"]
[Source "ChessBase"]
[SourceDate "2018.02.23"]
[SourceVersion "1"]
[SourceVersionDate "2018.02.23"]
[SourceQuality "1"]

1. e4 e6 2. d4 d5 3. Nc3 Nf6 4. Bg5 Be7 5. e5 Nfd7 6. Bxe7 Qxe7 7. f4 0-0 8. Nf3 c5 9. dxc5 Nxc5 10. Bd3 h6 11. 0-0 Nc6 12. a3 Bd7 13. Kh1 Rac8 14. Qd2 Na5 15. f5 Nxd3 16. Qxd3 Nc4 17. b3 Nxa3 18. Nd4 Qc5 19. Nce2 Nb5 20. f6 g6 21. Qe3 Nxd4 22. Qxh6 Nf5 23. Rxf5 exf5 24. Qg7# 1-0

[Event "RSA-ch (Women)"]
[Site "Durbanville"]
[Date "2017.12.17"]
[Round "9"]
[White "Marais, Nina"]
[Black "Van Niekerk, Megan C"]
[Result "1-0"]
[WhiteElo "1566"]
[BlackElo "1654"]
[PlyCount "121"]
[EventDate "2017.12.09"]
[EventType "tourn"]
[EventRounds "11"]
[EventCountry "RSA"]
[SourceTitle "CBM 182 Extra"]
[Source "ChessBase"]
[SourceDate "2018.02.23"]
[SourceVersion "1"]
[SourceVersionDate "2018.02.23"]
[SourceQuality "1"]

1. d4 d5 2. c4 c6 3. Nf3 Nf6 4. e3 Nbd7 5. Nbd2 e6 6. b3 Bd6 7. Bd3 0-0 8. Bb2 Re8 9. Ne5 Qc7 10. f4 dxc4 11. bxc4 c5 12. 0-0 b6 13. Rf3 Bb7 14. Rh3 Nf8 15. Ndf3 N6d7 16. Ng5 f5 17. Qc2 Nf6 18. d5 exd5 19. Bxf5 h6 20. Ngf7 Bxe5 21. Nxe5 dxc4 22. Qxc4+ Bd5 23. Qc2 Ne6 24. Bxe6+ Bxe6 25. f5 Bd5 26. Ng6 Qf7 27. Qc3 Ne4 28. Rxh6 Qxg6 29. Rxg6 Nxc3 30. Bxc3 Rxe3 31. Rxg7+ Kf8 32. Rg3 Rxg3 33. hxg3 Re8 34. Kf2 Re4 35. Bd2 Rc4 36. Rc1 Rxc1 37. Bxc1 Bxa2 38. g4 a5 39. Ba3 Kf7 40. g5 c4 41. Ke3 b5 42. Kd4 b4 43. Bb2 a4 44. g6+ Kg8 45. f6 a3 46. Bc1 Bb3 47. f7+ Kg7 48. Bh6+ Kxh6 49. f8Q+ Kxg6 50. Qxb4 a2 51. Qa5 Kh6 52. Ke5 Kg5 53. Qd8+ Kh6 54. Qd4 Kg6 55. Kf4 Kf7 56. g4 Kg6 57. g5 Kh7 58. Kf5 Bc2+ 59. Kf6 Bd3 60. Qd7+ Kg8 61. Qg7# 1-0

[Event "RSA-ch (Women)"]
[Site "Durbanville"]
[Date "2017.12.12"]
[Round "4"]
[White "Oberholzer, Marni"]
[Black "Marais, Nina"]
[Result "0-1"]
[WhiteElo "1651"]
[BlackElo "1566"]
[PlyCount "106"]
[EventDate "2017.12.09"]
[EventType "tourn"]
[EventRounds "11"]
[EventCountry "RSA"]
[SourceTitle "CBM 182 Extra"]
[Source "ChessBase"]
[SourceDate "2018.02.23"]
[SourceVersion "1"]
[SourceVersionDate "2018.02.23"]
[SourceQuality "1"]

1. e4 e6 2. d3 d5 3. Nd2 Nf6 4. g3 c5 5. Bg2 Nc6 6. Ngf3 Be7 7. 0-0 0-0 8. Re1 Rb8 9. e5 Nd7 10. Nf1 Qc7 11. Qe2 b5 12. h4 c4 13. d4 Bb4 14. c3 Be7 15. N1h2 b4 16. Bg5 Qa5 17. Bxe7 Nxe7 18. Qc2 h6 19. Ng4 Nb6 20. cxb4 Qxb4 21. b3 Bd7 22. bxc4 Nxc4 23. Qb3 Nf5 24. Rab1 Qxb3 25. Rxb3 Ba4 26. Rbb1 Bc2 27. Ra1 Rb2 28. Ne3 Ncxe3 29. fxe3 Nxg3 30. Kh2 Nf5 31. Re2 Rfb8 32. a3 Be4 33. Rxb2 Rxb2 34. Kh3 Nxe3 35. Rg1 Rxg2 36. Rxg2 Nxg2 37. Kxg2 f6 38. Kf2 Bxf3 39. Kxf3 fxe5 40. dxe5 Kf7 41. Kg4 g6 42. a4 Ke7 43. Kf4 Kd7 44. Ke3 Kc6 45. Kd4 a5 46. Kd3 Kc5 47. Kc3 d4+ 48. Kd3 Kd5 49. Kd2 Ke4 50. Ke2 d3+ 51. Kd2 g5 52. h5 g4 53. Ke1 Ke3 0-1

[Event "RSA-ch (Women)"]
[Site "Durbanville"]
[Date "2017.12.09"]
[Round "1"]
[White "Marais, Nina"]
[Black "Bouah, Denise"]
[Result "1/2-1/2"]
[WhiteElo "1566"]
[BlackElo "1831"]
[PlyCount "111"]
[EventDate "2017.12.09"]
[EventType "tourn"]
[EventRounds "11"]
[EventCountry "RSA"]
[SourceTitle "CBM 182 Extra"]
[Source "ChessBase"]
[SourceDate "2018.02.23"]
[SourceVersion "1"]
[SourceVersionDate "2018.02.23"]
[SourceQuality "1"]

1. d4 Nf6 2. c4 g6 3. Nc3 d5 4. Nf3 Bg7 5. Qb3 dxc4 6. Qxc4 0-0 7. e4 b6 8. e5 Be6 9. exf6 Bxc4 10. fxg7 Kxg7 11. Bxc4 Nc6 12. Be3 Qd6 13. a3 a6 14. 0-0 Na5 15. Ba2 Rab8 16. b4 Nb7 17. Rac1 e6 18. Ne4 Qd7 19. Bb3 Rbc8 20. Ne5 Qe8 21. Nd2 f6 22. Ng4 g5 23. f4 h5 24. Nf2 g4 25. Nfe4 Qd7 26. f5 exf5 27. Ng3 f4 28. Rxf4 Rce8 29. Nge4 f5 30. Rcf1 Kg6 31. Bc2 Qc6 32. Bd3 fxe4 33. Nxe4 Rxf4 34. Rxf4 Kg7 35. Bd2 Qd5 36. Nf6 Qf7 37. Nxe8+ Qxe8 38. d5 Qe5 39. Rc4 Qxd5 40. Rxc7+ Kf8 41. Bh6+ Ke8 42. Bg6+ Kd8 43. Rc1 Qd4+ 44. Kh1 Qf6 45. Rd1+ Kc7 46. Rc1+ Kd7 47. Rd1+ Nd6 48. Bc1 Qxg6 49. Bf4 b5 50. Kg1 Kc6 51. Rxd6+ Qxd6 52. Bxd6 Kxd6 53. Kf2 Ke5 54. Ke3 h4 55. g3 h3 56. Kd3 1/2-1/2

[Event "RSA-ch U16 Girls"]
[Site "Gauteng"]
[Date "2017.04.07"]
[Round "5"]
[White "Dinham, Megan"]
[Black "Marais, Nina"]
[Result "0-1"]
[WhiteElo "1272"]
[BlackElo "1506"]
[PlyCount "39"]
[EventDate "2017.04.05"]
[EventType "swiss"]
[EventRounds "11"]
[EventCountry "RSA"]
[SourceTitle "CBM 177 Extra"]
[Source "ChessBase"]
[SourceDate "2017.04.27"]
[SourceVersion "1"]
[SourceVersionDate "2017.04.27"]
[SourceQuality "1"]

1. e4 e6 2. d4 d5 3. e5 c5 4. c3 Nc6 5. Nf3 Bd7 6. Bd3 Qb6 7. Bc2 cxd4 8. cxd4 Nge7 9. 0-0 Ng6 10. Nc3 Be7 11. Rb1 0-0 12. Be3 Rac8 13. Re1 Nb4 14. Bxg6 hxg6 15. Bg5 Bxg5 16. Nxg5 Rc4 17. Nf3 Rfc8 18. Qb3 Qc7 19. Rbd1 a5 20. a4 0-1

[Event "RSA-ch U16 Girls"]
[Site "Gauteng"]
[Date "2017.04.06"]
[Round "2"]
[White "Vuso, Hlomisa"]
[Black "Marais, Nina"]
[Result "0-1"]
[WhiteElo "1296"]
[BlackElo "1506"]
[PlyCount "87"]
[EventDate "2017.04.05"]
[EventType "swiss"]
[EventRounds "11"]
[EventCountry "RSA"]
[SourceTitle "CBM 177 Extra"]
[Source "ChessBase"]
[SourceDate "2017.04.27"]
[SourceVersion "1"]
[SourceVersionDate "2017.04.27"]
[SourceQuality "1"]

1. d4 Nf6 2. Nf3 c5 3. c3 d5 4. e3 e6 5. c4 Nbd7 6. Nc3 b6 7. cxd5 exd5 8. dxc5 Nxc5 9. Bb5+ Bd7 10. Bxd7+ Qxd7 11. 0-0 Bd6 12. b3 0-0 13. Bb2 Rad8 14. Ne2 Nce4 15. Rc1 Qf5 16. Bxf6 Qxf6 17. Qd4 Qh6 18. Ng3 Nxg3 19. hxg3 Bc5 20. Qh4 Qg6 21. Ne5 Qe6 22. Nf3 Rfe8 23. Rfd1 f6 24. Qf4 Qc6 25. Nd4 Qb7 26. Qf3 Re4 27. Kh2 Qa6 28. Qe2 Qb7 29. Kg1 Rde8 30. Nf5 Qd7 31. Qf3 R8e5 32. Nd4 Bxd4 33. Rxd4 Rxd4 34. exd4 Re4 35. Rd1 Qb5 36. Qc3 Kf7 37. Qc7+ Re7 38. Qc2 Qe2 39. Qxe2 Rxe2 40. a4 Rb2 41. Rd3 Ke6 42. Kf1 Kf5 43. f3 g5 44. Kg1 0-1

[Event "Wch U14 Girls"]
[Site "Khanty-Mansiysk"]
[Date "2016.10.03"]
[Round "11"]
[White "Yapa Bandara, Chamodya"]
[Black "Marais, Nina"]
[Result "1-0"]
[WhiteElo "1582"]
[BlackElo "1544"]
[PlyCount "93"]
[EventDate "2016.09.22"]
[EventType "swiss"]
[EventRounds "11"]
[EventCountry "RUS"]
[SourceTitle "EXT 2017"]
[Source "ChessBase"]
[SourceDate "2016.10.25"]
[SourceVersion "1"]
[SourceVersionDate "2016.10.25"]
[SourceQuality "1"]

1. e4 e6 2. d4 d5 3. Nd2 Nf6 4. e5 Nfd7 5. Bd3 c5 6. c3 Nc6 7. Ne2 cxd4 8. cxd4 f6 9. exf6 Nxf6 10. Nf3 Bd6 11. Bg5 0-0 12. Qc2 h6 13. Bd2 Nb4 14. Bxb4 Bxb4+ 15. Kf1 Bd6 16. h4 Qb6 17. Neg1 Bd7 18. Nh3 Bb5 19. Rd1 Rac8 20. Qb1 Bxd3+ 21. Rxd3 Qb5 22. Ke2 Nh5 23. Rhd1 Rc6 24. Kf1 Rfc8 25. Kg1 Nf4 26. Rb3 Ne2+ 27. Kh1 Qxb3 28. axb3 Rc1 29. Qg6 Rxd1+ 30. Nfg1 Nxd4 31. g3 Rd2 32. Kg2 Rf8 33. g4 Bf4 34. Nxf4 Rxf4 35. Nh3 Rf6 36. Qe8+ Kh7 37. g5 Rfxf2+ 38. Nxf2 hxg5 39. hxg5 Ne2 40. Qf7 e5 41. Qf5+ Kg8 42. g6 Nf4+ 43. Kf1 Nxg6 44. Qxg6 e4 45. Qg5 Rd4 46. Qe3 Rb4 47. Qc5 1-0

[Event "Wch U14 Girls"]
[Site "Khanty-Mansiysk"]
[Date "2016.10.02"]
[Round "10"]
[White "Marais, Nina"]
[Black "Idirisinghe, IMNH"]
[Result "1-0"]
[WhiteElo "1544"]
[BlackElo "1436"]
[PlyCount "69"]
[EventDate "2016.09.22"]
[EventType "swiss"]
[EventRounds "11"]
[EventCountry "RUS"]
[SourceTitle "EXT 2017"]
[Source "ChessBase"]
[SourceDate "2016.10.25"]
[SourceVersion "1"]
[SourceVersionDate "2016.10.25"]
[SourceQuality "1"]

1. d4 d5 2. c4 e6 3. cxd5 exd5 4. Nc3 c5 5. Nf3 Nc6 6. g3 Nf6 7. Bg2 Be7 8. 0-0 0-0 9. dxc5 Bxc5 10. Bg5 d4 11. Bxf6 Qxf6 12. Nd5 Qd8 13. Nd2 Be6 14. Nf4 Qd7 15. Nxe6 Qxe6 16. Nb3 Qd6 17. Nxc5 Qxc5 18. Rc1 Qd6 19. Bxc6 bxc6 20. Rc4 c5 21. Qc2 Qa6 22. b3 Rac8 23. Rc1 Rfe8 24. Qd2 h6 25. e3 dxe3 26. fxe3 Rcd8 27. Qf2 Rd3 28. e4 Rd4 29. Rxd4 cxd4 30. Qxd4 Qxa2 31. Qd7 Rb8 32. Qd5 Rxb3 33. Rc8+ Kh7 34. Qf5+ g6 35. Qxf7# 1-0

[Event "Africa-ch U14 Girls"]
[Site "Port Elizabeth"]
[Date "2016.08.23"]
[Round "2"]
[White "Qangule, Lithitha Qhayiya"]
[Black "Marais, Nina"]
[Result "0-1"]
[WhiteElo "1225"]
[BlackElo "1544"]
[PlyCount "78"]
[EventDate "2016.08.22"]
[EventType "swiss"]
[EventRounds "9"]
[EventCountry "RSA"]
[SourceTitle "CBM 174 Extra"]
[Source "ChessBase"]
[SourceDate "2016.10.10"]
[SourceVersion "1"]
[SourceVersionDate "2016.10.10"]
[SourceQuality "1"]

1. e4 c5 2. Nf3 Nc6 3. Bc4 g6 4. Nc3 Bg7 5. d3 e6 6. Be3 d6 7. 0-0 Nge7 8. d4 cxd4 9. Nxd4 Ne5 10. Bb3 0-0 11. Ndb5 d5 12. exd5 exd5 13. Nxd5 Nxd5 14. Bxd5 a6 15. Nc3 Ng4 16. Bf4 Qb6 17. Rb1 Bd4 18. Bg3 Bf5 19. h3 Nf6 20. Qd2 Nxd5 21. Nxd5 Qc5 22. Ne3 Bxe3 23. fxe3 Rfe8 24. Bf4 Rad8 25. Qe2 Qxc2 26. Qxc2 Bxc2 27. Rbc1 Be4 28. Rc3 Rc8 29. Rd1 Bf5 30. Bg5 b5 31. a4 Rxc3 32. bxc3 Be4 33. axb5 axb5 34. Re1 Bd3 35. Rd1 Bc4 36. Rd4 Kg7 37. e4 h6 38. Bh4 Rc8 39. Kf2 Be6 0-1

[Event "RSA-ch U14 Girls"]
[Site "Bloemfontein"]
[Date "2016.03.26"]
[Round "11"]
[White "Vuso, Hlomisa"]
[Black "Marais, Nina"]
[Result "1/2-1/2"]
[WhiteElo "1210"]
[BlackElo "1495"]
[PlyCount "24"]
[EventDate "2016.03.20"]
[EventType "swiss"]
[EventRounds "11"]
[EventCountry "RSA"]
[SourceTitle "CBM 171 Extra"]
[Source "ChessBase"]
[SourceDate "2016.04.26"]
[SourceVersion "1"]
[SourceVersionDate "2016.04.26"]
[SourceQuality "1"]

1. e4 e6 2. d4 d5 3. exd5 exd5 4. Bd3 Bd6 5. Nf3 Nf6 6. 0-0 0-0 7. Bg5 Bg4 8. Nbd2 Nbd7 9. c3 c6 10. Qc2 h6 11. Bh4 Qc7 12. Bg3 Bxg3 1/2-1/2

[Event "RSA-ch U14 Girls"]
[Site "Bloemfontein"]
[Date "2016.03.25"]
[Round "10"]
[White "Marais, Nina"]
[Black "Gardiner, Noa Saxon"]
[Result "1-0"]
[WhiteElo "1495"]
[BlackElo "1262"]
[PlyCount "57"]
[EventDate "2016.03.20"]
[EventType "swiss"]
[EventRounds "11"]
[EventCountry "RSA"]
[SourceTitle "CBM 171 Extra"]
[Source "ChessBase"]
[SourceDate "2016.04.26"]
[SourceVersion "1"]
[SourceVersionDate "2016.04.26"]
[SourceQuality "1"]

1. d4 d5 2. c4 c6 3. Nf3 Nf6 4. e3 e6 5. Nbd2 Nbd7 6. b3 Bd6 7. Bb2 0-0 8. Bd3 Re8 9. Ne5 Qc7 10. f4 a6 11. 0-0 Be7 12. Rf3 c5 13. Rh3 cxd4 14. Bxh7+ Kf8 15. Bd3 Nxe5 16. fxe5 Qxe5 17. Bxd4 Qc7 18. Rh8+ Ng8 19. Bh7 Bd6 20. Rxg8+ Ke7 21. Rxe8+ Kxe8 22. Bxg7 Bxh2+ 23. Kh1 Qg3 24. Bb2 Qh4 25. Nf3 Qxh7 26. Nxh2 dxc4 27. Bf6 Bd7 28. Qd6 cxb3 29. Qe7# 1-0

[Event "RSA-ch U14 Girls"]
[Site "Bloemfontein"]
[Date "2016.03.22"]
[Round "5"]
[White "Claassen, Anke"]
[Black "Marais, Nina"]
[Result "0-1"]
[WhiteElo "1288"]
[BlackElo "1495"]
[PlyCount "43"]
[EventDate "2016.03.20"]
[EventType "swiss"]
[EventRounds "11"]
[EventCountry "RSA"]
[SourceTitle "CBM 171 Extra"]
[Source "ChessBase"]
[SourceDate "2016.04.26"]
[SourceVersion "1"]
[SourceVersionDate "2016.04.26"]
[SourceQuality "1"]

1. e4 c5 2. Nc3 Nc6 3. g3 g6 4. Bg2 Bg7 5. d3 d6 6. f4 Nb8 7. Be3 Nh6 8. h3 f5 9. Nf3 b5 10. Rb1 Qa5 11. Bd2 b4 12. Ne2 Qxa2 13. b3 Qa5 14. 0-0 0-0 15. Be3 Qc7 16. exf5 Nxf5 17. Bf2 a5 18. Ng5 Nd4 19. Nxd4 Bxd4 20. Re1 h6 21. Bd5+ Kh8 22. Ne6 0-1

[Event "RSA-ch U14 Girls"]
[Site "Bloemfontein"]
[Date "2016.03.21"]
[Round "3"]
[White "Brugman, Karla"]
[Black "Marais, Nina"]
[Result "0-1"]
[WhiteElo "1203"]
[BlackElo "1495"]
[PlyCount "96"]
[EventDate "2016.03.20"]
[EventType "swiss"]
[EventRounds "11"]
[EventCountry "RSA"]
[SourceTitle "CBM 171 Extra"]
[Source "ChessBase"]
[SourceDate "2016.04.26"]
[SourceVersion "1"]
[SourceVersionDate "2016.04.26"]
[SourceQuality "1"]

1. e4 e6 2. d4 d5 3. exd5 exd5 4. Bd3 Bd6 5. Qf3 Nf6 6. h3 c6 7. Ne2 h6 8. 0-0 0-0 9. c3 Nbd7 10. Ng3 Nb6 11. Nf5 Bxf5 12. Bxf5 Nc4 13. b3 Nb6 14. Be3 Qc7 15. Nd2 c5 16. dxc5 Bxc5 17. Bxc5 Qxc5 18. Rac1 Qa5 19. Rc2 g6 20. Bd3 Nfd7 21. Re1 Rae8 22. Rxe8 Rxe8 23. Qg3 Ne5 24. Bf1 Nc6 25. Nf3 Qc5 26. Bd3 Kg7 27. c4 Nb4 28. Rd2 Nxd3 29. Rxd3 dxc4 30. Rc3 Qb4 31. Rc1 cxb3 32. axb3 Qxb3 33. Ra1 a6 34. Re1 Rxe1+ 35. Nxe1 Qxg3 36. fxg3 Nc4 37. Nd3 b5 38. Kf2 Kf6 39. g4 a5 40. Ke2 Ne5 41. Nc5 Ke7 42. Kd2 Nc6 43. Kc3 Kd6 44. Ne4+ Ke5 45. Nc5 Kd5 46. Nd3 a4 47. Nb4+ Nxb4 48. Kxb4 Ke4 0-1

[Event "RSA-chT U18"]
[Site "Cape Town"]
[Date "2016.01.04"]
[Round "2.2"]
[White "Marais, Nina"]
[Black "Roux, David"]
[Result "1-0"]
[WhiteElo "1488"]
[BlackElo "1219"]
[PlyCount "91"]
[EventDate "2016.01.04"]
[EventType "team-tourn"]
[EventRounds "7"]
[EventCountry "RSA"]
[SourceTitle "CBM 170 Extra"]
[Source "ChessBase"]
[SourceDate "2016.02.25"]
[SourceVersion "1"]
[SourceVersionDate "2016.02.25"]
[SourceQuality "1"]
[WhiteTeam "Sedibeng"]
[BlackTeam "Kenneth Kaunda"]
[WhiteTeamCountry "RSA"]
[BlackTeamCountry "RSA"]

1. d4 d5 2. c4 c6 3. Nf3 e6 4. Nc3 Bd6 5. cxd5 exd5 6. Bg5 Nf6 7. Qc2 Nbd7 8. e3 0-0 9. Bd3 g6 10. h4 Qc7 11. g4 Nxg4 12. h5 f5 13. hxg6 hxg6 14. Nh4 Kg7 15. Nxf5+ gxf5 16. Bxf5 Rh8 17. Rxh8 Kxh8 18. Bxg4 Nf8 19. Bxc8 Rxc8 20. 0-0-0 Qh7 21. Qxh7+ Nxh7 22. Bh4 b5 23. f4 Re8 24. Bf2 Nf6 25. Rg1 Rg8 26. Rh1+ Kg7 27. Bh4 Re8 28. Kd2 b4 29. Bxf6+ Kxf6 30. Ne2 Rg8 31. Rh6+ Rg6 32. Rxg6+ Kxg6 33. Ng3 a5 34. b3 c5 35. dxc5 Bxc5 36. Ke2 Bd6 37. Kf3 Kf6 38. Kg4 Bc7 39. Nh5+ Kg6 40. f5+ Kf7 41. Nf4 Bxf4 42. Kxf4 Kf6 43. e4 d4 44. e5+ Ke7 45. Ke4 d3 46. Kxd3 1-0